00465nam a2200193 a 4500001001300000003000900013005001700022008004100039020000800080082001600088100002100104245002100125260003600146300000900182500003500191505001000226650001400236700002100250nice12345678IN_TiNIC20260116011638.0050524s0000 laha grp 000 0 urd  ac800a297.24bAZA aAzad, Abul Kalam aMasla-I-Khilafat aLahorebAbdus Salam Nadwic0000 a207p aincludes index and biblioraphy2 aNotes aCaliphate1 aAzad, Abul Kalam